000 00276nam a22001217a 4500
008 170525b xxu||||| |||| 00| 0 eng d
041 _aeng
080 _a621.38
100 _a26
101 _aIM
245 _aMIKROELEKTRONIK FUR DEN MENSCHEN
_cPICHLER.F
942 _2udc
_cBK
999 _c14251
_d14251